000 01414cad a22002415a 4500
001 L148811
008 091111s2009 xxkd f s 000 0 eng d
035 _a(Sirsi) u148811
041 0 _aeng
050 0 4 _a338.47624 $2 18
110 2 _aRoyal Institution of Chartered Surveyors
_bEconomics
_95033
245 0 0 _aRICS construction market survey United Kingdom
_bthird quarter 2009
_h[electronic resource]
260 _aLondon
_bRICS
_c2009
490 0 _aRICS Construction Market Survey United Kingdom
_vThird Quarter 2009
520 _aReports that in the third quarter 2009, construction workload declined across all sectors, remaining in negative territory, except in public works. 6% of surveyors reported a decline in activity compared to 26% in the second quarter 2009. This is the best reading since the first quarter 2008. Private commercial workloads experienced a worse situation than in the last quarter as 12% more surveyors reported a drop in workloads. Outlook is slightly more positive for the next 12 months, with more surveyors expecting workloads to rise.
521 2 _aAdvanced
590 _aKA
650 2 4 _aRICS CONSTRUCTION MARKET SURVEY UNITED KINGDOM
651 4 _aUnited Kingdom
_y
690 _aBUILT ENVIRONMENT-CONSTRUCTION MARKET
856 4 0 _uhttps://www.rics.org/site/scripts/download_info.aspx?downloadID=4078
_zView the survey free of charge at www.rics.org...
942 _n0
999 _c110239
_d110239